[Event "Heart of Finland op 28th"]
[Site "Jyvaskyla"]
[Date "2018.07.18"]
[Round "4"]
[White "Tiitta, Sauli"]
[Black "Riipinen, Juha"]
[Result "1/2-1/2"]
[WhiteElo "2177"]
[BlackElo "2075"]
[PlyCount "39"]
[EventDate "2018.07.16"]
[EventType "swiss"]
[EventRounds "9"]
[EventCountry "FIN"]
[SourceTitle "CBM 185 Extra"]
[Source "ChessBase"]
[SourceDate "2018.07.29"]
[SourceVersion "1"]
[SourceVersionDate "2018.07.29"]
[SourceQuality "1"]

1. e4 c5 2. Nf3 d6 3. d4 cxd4 4. Nxd4 Nf6 5. Nc3 a6 6. Be3 e5 7. Nb3 Be7 8. f3 Be6 9. Qd2 Nbd7 10. 0-0-0 b5 11. g4 Nb6 12. g5 Nh5 13. Na5 Qc7 14. Bxb5+ axb5 15. Nxb5 Qd7 16. Nxd6+ Qxd6 17. Qxd6 Bxd6 18. Rxd6 Rxa5 19. Rxb6 0-0 20. a3 1/2-1/2

[Event "Helsinki HSL Summer op"]
[Site "Helsinki"]
[Date "2018.06.30"]
[Round "2"]
[White "Riipinen, Juha"]
[Black "Elomaa, Arto"]
[Result "0-1"]
[WhiteElo "2035"]
[BlackElo "2156"]
[PlyCount "68"]
[EventDate "2018.06.30"]
[EventType "swiss"]
[EventRounds "4"]
[EventCountry "FIN"]
[SourceTitle "EXT 2021"]
[Source "ChessBase"]
[SourceDate "2020.10.23"]
[SourceVersion "1"]
[SourceVersionDate "2020.10.23"]
[SourceQuality "1"]

1. e4 c5 2. Nf3 Nc6 3. d4 cxd4 4. Nxd4 Nf6 5. Nxc6 bxc6 6. Bd3 d5 7. Nc3 e6 8. 0-0 Be7 9. Re1 0-0 10. e5 Nd7 11. Qh5 f5 12. f4 Nc5 13. Re3 Qe8 14. Qxe8 Rxe8 15. Rh3 Bd7 16. Be2 a5 17. a4 Na6 18. Nd1 c5 19. Bd2 c4 20. Bxa5 Nc5 21. Bb4 Reb8 22. Bxc5 Bxc5+ 23. Kf1 Rxa4 24. Rb1 Ra2 25. Ke1 Bb4+ 26. Kf1 Bd2 27. Rf3 Ba4 28. b3 Rxc2 29. Ra1 Bxb3 30. Ra7 Bb4 31. Rg3 Bf8 32. Bh5 Rc1 33. Bf7+ Kh8 34. Bxe6 Bxd1 0-1

[Event "FIN-chT1A 1718"]
[Site "Finland"]
[Date "2018.02.04"]
[Round "7.6"]
[White "Riipinen, Juha"]
[Black "Eklund, Kari"]
[Result "1/2-1/2"]
[WhiteElo "2067"]
[BlackElo "2047"]
[PlyCount "90"]
[EventDate "2017.09.16"]
[EventType "team-tourn"]
[EventRounds "7"]
[EventCountry "FIN"]
[SourceTitle "EXT 2020"]
[Source "ChessBase"]
[SourceDate "2019.10.17"]
[SourceVersion "1"]
[SourceVersionDate "2019.10.17"]
[SourceQuality "1"]
[WhiteTeam "Helsinki KSK"]
[BlackTeam "Vantaa Remi"]
[WhiteTeamCountry "FIN"]
[BlackTeamCountry "FIN"]

1. e4 c5 2. c3 d5 3. exd5 Qxd5 4. d4 Nf6 5. Nf3 Bg4 6. Be2 e6 7. 0-0 cxd4 8. cxd4 Be7 9. Nc3 Qd8 10. Qb3 Qb6 11. Qxb6 axb6 12. Rd1 0-0 13. h3 Bf5 14. d5 exd5 15. Nxd5 Nxd5 16. Rxd5 Be6 17. Rb5 Rc8 18. Be3 Nd7 19. Bxb6 Rxa2 20. Rxa2 Bxa2 21. Be3 b6 22. Bxb6 Rc1+ 23. Kh2 Bd6+ 24. g3 Nxb6 25. Rxb6 Bc7 26. Ra6 Bd5 27. Ra3 Bb6 28. Ra6 Bc5 29. b4 Bxb4 30. Rb6 Bf8 31. Rb2 g6 32. Rd2 Bc6 33. Rd1 Rc3 34. Nd4 Be4 35. Rd2 Bc5 36. f3 Bb1 37. Nb5 Rb3 38. g4 Be3 39. Rd8+ Kg7 40. Kg2 Rb2 41. Kf1 Bc2 42. Nd6 Rb1+ 43. Kg2 Rg1+ 44. Kh2 Re1 45. Bc4 Bf4+ 1/2-1/2

[Event "FIN Team Cup"]
[Site "Finland"]
[Date "2013.04.06"]
[Round "1.2"]
[White "Mujunen, Martti"]
[Black "Riipinen, Juha"]
[Result "1-0"]
[WhiteElo "2089"]
[BlackElo "2064"]
[PlyCount "91"]
[EventDate "2013.04.06"]
[EventType "team-k.o."]
[EventRounds "6"]
[EventCountry "FIN"]
[SourceTitle "EXT 2022"]
[Source "ChessBase"]
[SourceDate "2021.10.06"]
[SourceVersion "1"]
[SourceVersionDate "2021.10.06"]
[SourceQuality "1"]
[WhiteTeam "KymS II"]
[BlackTeam "HM-93"]
[WhiteTeamCountry "FIN"]
[BlackTeamCountry "FIN"]

1. e4 e6 2. d4 d5 3. Nc3 Nf6 4. e5 Nfd7 5. f4 c5 6. Nf3 Nc6 7. Be3 cxd4 8. Nxd4 Nxd4 9. Bxd4 Bc5 10. Qd2 0-0 11. 0-0-0 Bxd4 12. Qxd4 Qb6 13. Qxb6 Nxb6 14. g3 Bd7 15. Ne2 Rac8 16. Nd4 Nc4 17. Bxc4 Rxc4 18. Kb1 a5 19. h4 f6 20. Rhe1 f5 21. Re3 Rfc8 22. b3 R4c5 23. Kb2 b5 24. Rdd3 b4 25. c3 Kf7 26. cxb4 axb4 27. Rd2 Ke7 28. Rc2 h6 29. Rxc5 Rxc5 30. Nc2 Rb5 31. Rd3 g5 32. hxg5 hxg5 33. Rd4 Rb8 34. Nxb4 Rh8 35. a4 Rh2+ 36. Ka3 Rh1 37. Na6 Rg1 38. Rd3 Re1 39. Nc5 Be8 40. Kb4 gxf4 41. gxf4 Rf1 42. Rd4 Rc1 43. a5 Rc2 44. a6 Bc6 45. Rd1 Ra2 46. Rh1 1-0

[Event "Helsinki-ch 2011 Group M"]
[Site "Helsinki"]
[Date "2011.??.??"]
[Round "9"]
[White "Munukka, Timo"]
[Black "Riipinen, Juha"]
[Result "1/2-1/2"]
[WhiteElo "2038"]
[BlackElo "2100"]
[PlyCount "29"]
[EventDate "2010.12.27"]
[EventType "tourn"]
[EventRounds "11"]
[EventCountry "FIN"]
[SourceTitle "EXT 2022"]
[Source "ChessBase"]
[SourceDate "2021.10.06"]
[SourceVersion "1"]
[SourceVersionDate "2021.10.06"]
[SourceQuality "1"]

1. d4 Nf6 2. c4 e6 3. Nf3 d5 4. Nc3 c6 5. e3 Bd6 6. Be2 Nbd7 7. 0-0 0-0 8. b3 b6 9. Bb2 Bb7 10. Rc1 Re8 11. Rc2 Rc8 12. a4 c5 13. cxd5 Nxd5 14. Nxd5 Bxd5 15. Bc4 1/2-1/2

[Event "Helsinki-ch 2011 Group M"]
[Site "Helsinki"]
[Date "2011.??.??"]
[Round "10"]
[White "Riipinen, Juha"]
[Black "Ebeling, Daniel"]
[Result "0-1"]
[WhiteElo "2100"]
[BlackElo "1978"]
[PlyCount "50"]
[EventDate "2010.12.27"]
[EventType "tourn"]
[EventRounds "11"]
[EventCountry "FIN"]
[SourceTitle "EXT 2022"]
[Source "ChessBase"]
[SourceDate "2021.10.06"]
[SourceVersion "1"]
[SourceVersionDate "2021.10.06"]
[SourceQuality "1"]

1. Nc3 Nf6 2. e4 e5 3. Bc4 Nxe4 4. Bxf7+ Kxf7 5. Nxe4 d5 6. Qf3+ Kg8 7. Ng5 Qd7 8. Ne2 h6 9. Nh3 Qf7 10. Qb3 Bc5 11. d4 exd4 12. Bf4 Kh7 13. 0-0-0 Re8 14. Bg3 Nc6 15. Nef4 Bf5 16. Qxd5 Qf8 17. Nd3 Bb6 18. Rhe1 Ba5 19. Rxe8 Rxe8 20. Qb5 Bc8 21. a3 a6 22. Qc5 Qf7 23. Kb1 Bb6 24. Ng5+ hxg5 25. Qxg5 Kg8 0-1

[Event "Helsinki We HSL 7th"]
[Site "Helsinki"]
[Date "2011.??.??"]
[Round "5"]
[White "Riipinen, Juha"]
[Black "Fraser, Scott"]
[Result "0-1"]
[WhiteElo "2091"]
[BlackElo "2084"]
[PlyCount "46"]
[EventDate "2011.??.??"]
[EventType "swiss"]
[EventRounds "5"]
[EventCountry "FIN"]
[SourceTitle "EXT 2022"]
[Source "ChessBase"]
[SourceDate "2021.10.06"]
[SourceVersion "1"]
[SourceVersionDate "2021.10.06"]
[SourceQuality "1"]

1. e4 e6 2. d4 d5 3. e5 c5 4. c3 Nc6 5. Nf3 Qb6 6. a3 Nh6 7. b4 cxd4 8. cxd4 Nf5 9. Be3 f6 10. exf6 gxf6 11. Nc3 Bd7 12. Bd3 Nxe3 13. fxe3 Nxb4 14. axb4 Bxb4 15. Qb3 Rc8 16. Rc1 Bxc3+ 17. Rxc3 Qxb3 18. Rxb3 Rc1+ 19. Kf2 Rxh1 20. Bf1 Bc6 21. g3 Ke7 22. Kg2 Rxf1 23. Kxf1 a5 0-1

[Event "Helsinki We HSL 7th"]
[Site "Helsinki"]
[Date "2011.??.??"]
[Round "2"]
[White "Riipinen, Juha"]
[Black "Kukkonen, Simo"]
[Result "1-0"]
[WhiteElo "2091"]
[BlackElo "1749"]
[PlyCount "77"]
[EventDate "2011.??.??"]
[EventType "swiss"]
[EventRounds "5"]
[EventCountry "FIN"]
[SourceTitle "EXT 2022"]
[Source "ChessBase"]
[SourceDate "2021.10.06"]
[SourceVersion "1"]
[SourceVersionDate "2021.10.06"]
[SourceQuality "1"]

1. e4 e5 2. Nf3 Nc6 3. d4 exd4 4. Nxd4 Bc5 5. Be3 Qf6 6. c3 Nge7 7. g3 d5 8. Bg2 dxe4 9. Bxe4 Nxd4 10. Bxd4 Bxd4 11. Qxd4 Qxd4 12. cxd4 Bh3 13. Nc3 0-0-0 14. 0-0-0 c6 15. Rhe1 Rd7 16. d5 cxd5 17. Nxd5 Nxd5 18. Rxd5 Rc7+ 19. Kd2 Be6 20. Rd4 g6 21. Re3 Rd8 22. Rxd8+ Kxd8 23. a3 Rd7+ 24. Kc3 Bd5 25. Bd3 a6 26. Kd4 Bc6+ 27. Ke5 Re7+ 28. Kd6 Rd7+ 29. Ke5 Re7+ 30. Kf6 Rxe3 31. fxe3 Bd5 32. g4 Ke8 33. Kg7 h5 34. gxh5 gxh5 35. h4 Be6 36. Kf6 Kf8 37. b4 Ke8 38. Be2 Bg4 39. Bc4 1-0

[Event "Helsinki-ch 2011 Group M"]
[Site "Helsinki"]
[Date "2010.12.??"]
[Round "2"]
[White "Nokso Koivisto, Antti"]
[Black "Riipinen, Juha"]
[Result "1/2-1/2"]
[WhiteElo "2183"]
[BlackElo "2100"]
[PlyCount "97"]
[EventDate "2010.12.27"]
[EventType "tourn"]
[EventRounds "11"]
[EventCountry "FIN"]
[SourceTitle "EXT 2022"]
[Source "ChessBase"]
[SourceDate "2021.10.06"]
[SourceVersion "1"]
[SourceVersionDate "2021.10.06"]
[SourceQuality "1"]

1. d4 Nf6 2. c4 g6 3. Nc3 Bg7 4. g3 0-0 5. Bg2 d6 6. Nf3 Nbd7 7. e4 e5 8. 0-0 c6 9. Re1 Re8 10. h3 a6 11. Be3 b5 12. cxb5 cxb5 13. a3 Bb7 14. d5 Rc8 15. Nd2 Rf8 16. Rc1 Ne8 17. g4 Nc5 18. Qe2 f6 19. b4 Nd7 20. a4 bxa4 21. Nxa4 Rxc1 22. Rxc1 Rf7 23. Nc4 Bf8 24. Na5 Nb8 25. Nb6 Rc7 26. Rxc7 Qxc7 27. Qc4 Qf7 28. Bf1 Kg7 29. Qc1 Kg8 30. Qc2 Qe7 31. Qa4 Kf7 32. Qc2 Kg8 33. Na4 Qd7 34. Nb6 Qe7 35. Kh2 Kf7 36. Qc4 Kg7 37. Kh1 Qf7 38. Kh2 Qe7 39. Na4 Qd7 40. Nc3 Qc8 41. Na4 Qd7 42. Nb2 Be7 43. Bb6 Kf8 44. Qc2 Qc8 45. Bc4 Nd7 46. Be3 Bd8 47. Nxb7 Qxb7 48. Qa4 Nb8 49. Nd1 1/2-1/2

[Event "Helsinki-ch 2011 Group M"]
[Site "Helsinki"]
[Date "2010.12.??"]
[Round "3"]
[White "Riipinen, Juha"]
[Black "Raki, Jyrki"]
[Result "1/2-1/2"]
[WhiteElo "2100"]
[BlackElo "2008"]
[PlyCount "58"]
[EventDate "2010.12.27"]
[EventType "tourn"]
[EventRounds "11"]
[EventCountry "FIN"]
[SourceTitle "EXT 2022"]
[Source "ChessBase"]
[SourceDate "2021.10.06"]
[SourceVersion "1"]
[SourceVersionDate "2021.10.06"]
[SourceQuality "1"]

1. e4 c6 2. d4 d5 3. Nc3 dxe4 4. Nxe4 Bf5 5. Ng3 Bg6 6. Nf3 Nd7 7. h4 h6 8. h5 Bh7 9. Bd3 Bxd3 10. Qxd3 e6 11. Bd2 Ngf6 12. 0-0-0 Be7 13. Ne4 Qc7 14. g3 Nxe4 15. Qxe4 Nf6 16. Qe2 0-0-0 17. Kb1 Rhe8 18. c4 Nd7 19. Bc3 Bf6 20. Ne5 Nxe5 21. dxe5 Be7 22. Qg4 Bf8 23. f4 Rxd1+ 24. Rxd1 Rd8 25. Kc2 Rxd1 26. Qxd1 Qb6 27. Qd4 Bc5 28. Qd2 Qa6 29. Kb3 Qb6+ 1/2-1/2

[Event "Helsinki-ch Group"]
[Site "Helsinki"]
[Date "2009.??.??"]
[Round "9"]
[White "Nokso Koivisto, Antti"]
[Black "Riipinen, Juha"]
[Result "1/2-1/2"]
[WhiteElo "2177"]
[BlackElo "2107"]
[PlyCount "55"]
[EventDate "2009.??.??"]
[EventType "tourn"]
[EventRounds "9"]
[EventCountry "FIN"]
[SourceTitle "EXT 2011"]
[Source "ChessBase"]
[SourceDate "2010.11.26"]
[SourceVersion "1"]
[SourceVersionDate "2010.11.26"]
[SourceQuality "1"]

1. e4 e6 2. d4 d5 3. Nd2 Nf6 4. e5 Nfd7 5. Bd3 c5 6. c3 Nc6 7. Ne2 cxd4 8. cxd4 Qb6 9. Nf3 Bb4+ 10. Bd2 Bxd2+ 11. Qxd2 Qb4 12. Rc1 Nb6 13. a3 Qxd2+ 14. Nxd2 a6 15. 0-0 Bd7 16. Nb3 Na4 17. Rc2 Ke7 18. Nc5 Nxc5 19. Rxc5 Rhc8 20. Rfc1 h6 21. f4 Na7 22. Rxc8 Rxc8 23. Rxc8 Nxc8 24. Kf2 Nb6 25. b3 Nc8 26. Ke3 Na7 27. Nc3 f6 28. Be2 1/2-1/2

[Event "Helsinki-ch Group"]
[Site "Helsinki"]
[Date "2009.??.??"]
[Round "5"]
[White "Pudas, Teemu"]
[Black "Riipinen, Juha"]
[Result "1-0"]
[WhiteElo "2176"]
[BlackElo "2107"]
[PlyCount "73"]
[EventDate "2009.??.??"]
[EventType "tourn"]
[EventRounds "9"]
[EventCountry "FIN"]
[SourceTitle "EXT 2011"]
[Source "ChessBase"]
[SourceDate "2010.11.26"]
[SourceVersion "1"]
[SourceVersionDate "2010.11.26"]
[SourceQuality "1"]

1. e4 e6 2. Nf3 d5 3. e5 c5 4. b4 cxb4 5. a3 Nc6 6. d4 Bd7 7. axb4 Bxb4+ 8. c3 Be7 9. Bd3 h5 10. h4 Nh6 11. Nbd2 Nf5 12. Nf1 g6 13. Bxf5 exf5 14. Qb3 Qc7 15. Ne3 Be6 16. Nxd5 Bxd5 17. Qxd5 0-0 18. 0-0 Rfd8 19. Qa2 b6 20. Ng5 Bxg5 21. Bxg5 Rd7 22. Bf6 Re8 23. Rfd1 Na5 24. d5 Qc4 25. Qa4 Qxa4 26. Rxa4 Rc8 27. Rad4 Re8 28. Re1 Nb3 29. Rdd1 a5 30. Rb1 a4 31. c4 Rc8 32. e6 fxe6 33. dxe6 Rdc7 34. Rbd1 Rxc4 35. Rd7 Rc1 36. Rxc1 Rxc1+ 37. Kh2 1-0

[Event "Helsinki Pirttimaki Memorial-A 4th"]
[Site "Helsinki"]
[Date "2009.??.??"]
[Round "1"]
[White "Riipinen, Juha"]
[Black "Immonen, Vihtori"]
[Result "1-0"]
[WhiteElo "2107"]
[BlackElo "1758"]
[PlyCount "129"]
[EventDate "2009.??.??"]
[EventType "swiss"]
[EventRounds "7"]
[EventCountry "FIN"]
[SourceTitle "EXT 2011"]
[Source "ChessBase"]
[SourceDate "2010.11.26"]
[SourceVersion "1"]
[SourceVersionDate "2010.11.26"]
[SourceQuality "1"]

1. e4 c5 2. Nc3 Nc6 3. g3 g6 4. Bg2 Bg7 5. f4 d6 6. Nf3 e6 7. 0-0 Nge7 8. d3 0-0 9. Ne2 Rb8 10. c3 b5 11. Be3 b4 12. Qc2 Ba6 13. g4 bxc3 14. bxc3 Qa5 15. Rab1 Rb5 16. a4 Rxb1 17. Rxb1 Rb8 18. Rxb8+ Nxb8 19. f5 exf5 20. exf5 Nd5 21. Bd2 Nb6 22. fxg6 hxg6 23. Bf4 Bf8 24. Ng5 Qxa4 25. Qxa4 Nxa4 26. Bd5 Bxd3 27. Bxf7+ Kg7 28. Nc1 Bb5 29. Bb3 Be7 30. Ne4 Nd7 31. c4 Bc6 32. Nxd6 Bxd6 33. Bxd6 Nb2 34. Bc7 Kf7 35. Kf2 Ke6 36. Bc2 Kf7 37. Nd3 Nxd3+ 38. Bxd3 g5 39. Ke3 Ke7 40. Bf5 Nb6 41. Kd3 Bd7 42. Be5 Be6 43. Bxe6 Kxe6 44. Bg3 Nd7 45. h3 Ne5+ 46. Kc3 Ng6 47. Bf2 Kd6 48. Be3 Nf4 49. h4 Ke5 50. hxg5 Ng6 51. Bxc5 Kf4 52. Bd6+ Kxg5 53. c5 Kf6 54. Kc4 Ke6 55. Kb5 Kd7 56. Ka6 Kc6 57. g5 Nh4 58. Kxa7 Nf5 59. g6 Ng7 60. Kb8 Kd7 61. Kb7 Ne8 62. Be5 Ke7 63. c6 Ke6 64. g7 Kf7 65. c7 1-0

[Event "Espoo We MatSK"]
[Site "Espoo"]
[Date "2009.??.??"]
[Round "2"]
[White "Riipinen, Juha"]
[Black "Kyburz, Stefan"]
[Result "1-0"]
[WhiteElo "2107"]
[BlackElo "1990"]
[PlyCount "93"]
[EventDate "2009.??.??"]
[EventType "swiss"]
[EventRounds "5"]
[EventCountry "FIN"]
[SourceTitle "EXT 2011"]
[Source "ChessBase"]
[SourceDate "2010.11.26"]
[SourceVersion "1"]
[SourceVersionDate "2010.11.26"]
[SourceQuality "1"]

1. e4 e6 2. d4 d5 3. e5 c5 4. c3 Nc6 5. Nf3 Nge7 6. a3 cxd4 7. cxd4 Nf5 8. b4 Qb6 9. Be3 Be7 10. g4 Nxe3 11. fxe3 f6 12. exf6 gxf6 13. Nc3 0-0 14. Bd3 Bd6 15. Qc2 Rf7 16. Ke2 Bd7 17. Qa2 Ne7 18. h4 Rc8 19. Rac1 a6 20. g5 f5 21. h5 Bb5 22. Nxb5 Rxc1 23. Rxc1 axb5 24. Rg1 Rg7 25. h6 Rf7 26. Qc2 Qc6 27. Nh4 Ng6 28. Nxg6 hxg6 29. Rc1 Rc7 30. Kd2 Be7 31. Bxb5 Qxc2+ 32. Rxc2 Rxc2+ 33. Kxc2 Bxg5 34. Bd7 Kf7 35. h7 Bf6 36. a4 e5 37. dxe5 Bxe5 38. a5 Kg7 39. Bc8 b6 40. a6 Bb8 41. Kd3 b5 42. Kd4 Ba7+ 43. Kxd5 Bxe3 44. Kc6 Kxh7 45. Kxb5 f4 46. Kc6 f3 47. b5 1-0

[Event "Helsinki We HSL 03 op"]
[Site "Helsinki"]
[Date "2008.??.??"]
[Round "7"]
[White "Tocklin, Tomi"]
[Black "Riipinen, Juha"]
[Result "1/2-1/2"]
[WhiteElo "1930"]
[BlackElo "2107"]
[PlyCount "95"]
[EventDate "2008.03.??"]
[EventType "swiss"]
[EventRounds "7"]
[EventCountry "FIN"]
[SourceTitle "EXT 2010"]
[Source "ChessBase"]
[SourceDate "2010.11.25"]
[SourceVersion "1"]
[SourceVersionDate "2010.11.25"]
[SourceQuality "1"]

1. e4 e6 2. d4 d5 3. exd5 exd5 4. Bf4 Bd6 5. Bxd6 Qxd6 6. c3 Nf6 7. Nf3 0-0 8. Be2 Bf5 9. 0-0 Nbd7 10. Bd3 Bg4 11. Nbd2 Rfe8 12. Qc2 Re7 13. Rfe1 Rae8 14. Rxe7 Rxe7 15. Re1 Rxe1+ 16. Nxe1 c5 17. Nef3 b6 18. Qb1 c4 19. Bf5 Qf4 20. Bxg4 Qxg4 21. Qe1 Kf8 22. h3 Qf5 23. Qb1 Qxb1+ 24. Nxb1 Ne4 25. Nbd2 f5 26. Kf1 Nxd2+ 27. Nxd2 Ke7 28. Ke2 g5 29. Nf1 Ke6 30. Ne3 f4 31. Nf1 Nf6 32. Nd2 Kf5 33. Nf3 Nd7 34. g3 h5 35. Nd2 Nf6 36. Kf3 fxg3 37. fxg3 g4+ 38. hxg4+ Nxg4 39. Nf1 b5 40. Ne3+ Nxe3 41. Kxe3 a5 42. Kf3 b4 43. a3 bxa3 44. bxa3 a4 45. Kf2 Kg4 46. Kg2 Kg5 47. Kf3 Kf5 48. Kf2 1/2-1/2

[Event "Helsinki-ch"]
[Site "Helsinki"]
[Date "2006.??.??"]
[Round "5"]
[White "Riipinen, Juha"]
[Black "Hurme, Harri M"]
[Result "0-1"]
[WhiteElo "2126"]
[BlackElo "2220"]
[PlyCount "78"]
[EventDate "2006.12.??"]
[EventType "swiss"]
[EventRounds "9"]
[EventCountry "FIN"]
[SourceTitle "EXT 2008"]
[Source "ChessBase"]
[SourceDate "2007.11.25"]
[SourceVersion "1"]
[SourceVersionDate "2007.11.25"]
[SourceQuality "1"]

1. e4 e5 2. Nf3 Nc6 3. Bb5 a6 4. Ba4 Nf6 5. 0-0 Be7 6. Re1 b5 7. Bb3 0-0 8. c3 d5 9. exd5 Nxd5 10. Nxe5 Nxe5 11. Rxe5 c6 12. d4 Bd6 13. Re1 Qh4 14. g3 Qh3 15. Be3 Bg4 16. Qd3 Rae8 17. Qf1 Qh5 18. Nd2 Re6 19. a4 Rfe8 20. Bxd5 Qxd5 21. axb5 axb5 22. Qg2 Qh5 23. Qf1 f5 24. f3 Bh3 25. Qd3 f4 26. Bf2 fxg3 27. hxg3 Bf5 28. Qf1 Qg5 29. Rxe6 Rxe6 30. Ra8+ Kf7 31. Ne4 Bxe4 32. fxe4 Rxe4 33. Rc8 Ke7 34. Qh3 Rg4 35. Kf1 Qf5 36. Rxc6 Bxg3 37. Qg2 Qb1+ 38. Ke2 Qc2+ 39. Ke1 Re4+ 0-1